| 000 | 00713nam a2200193 a 4500 | ||
|---|---|---|---|
| 001 | 000026217 | ||
| 005 | 20200930024413.0 | ||
| 008 | 110304s1963 xxu 000 0 spa d | ||
| 040 |
_aDO-SdBNP _bspa _cBNPHU |
||
| 082 |
_axxxx _bxxxx |
||
| 100 | 1 |
_aForrest Hallenbeck, Edwin. _953237 |
|
| 245 | 1 | 3 |
_aLa pasión por las almas : _bun llamamiento hacia un esfuerzo especial por la salvación de las almas / _cEdwin Forrest Hallenbeck ; traducción de M. A., L. O. E. y S. J. A. |
| 250 | _a2a ed. | ||
| 260 |
_aEstados Unidos de América : _bCasa Bautista de Publicaciones, _c1963. |
||
| 300 |
_a72 p. ; _c18 cm. |
||
| 700 | 1 |
_aM. A., _etr. _953238 |
|
| 700 | 1 |
_aL. O. E., _etr. _953239 |
|
| 700 | 1 |
_aS. J. A., _etr. _953240 |
|
| 999 |
_c25709 _d25709 |
||